Algo tan sencillo como tuitear te quiero/ (Registro nro. 3324)
[ vista simple ]
| 000 -LEADER | |
|---|---|
| fixed length control field | 01437nam a2200193 a 4500 |
| 008 - CAMPO DE CONTROL (LIBRO) | |
| fixed length control field | 180205t2015 ag ||||g |||| 00| 0 spa d |
| 020 ## - INTERNATIONAL STANDARD BOOK NUMBER | |
| ISBN | 9789504946472 |
| 041 ## - CODIGO DE IDIOMA | |
| Código de idioma del texto/pista de sonido o título separado | spa |
| 092 ## - SIGNATURA TOPOGRAFICA DEWEY LOCAL | |
| número de clasificación | 808 |
| libristica | 7 |
| sección | BLU |
| 100 #1 - ENTRADA PRINCIPAL--NOMBRE PERSONAL | |
| Nombre personal | Jean, Blue |
| Forma completa del nombre | Francisco de Paula Fernández |
| 9 (RLIN) | 4365 |
| 245 ## - TITULO PROPIAMENTE DICHO | |
| Título | Algo tan sencillo como tuitear te quiero/ |
| Mención de responsabilidad y remanente de la transcripción de la portada | Blue Jean |
| 250 ## - MENCION DE EDICION | |
| Mención de edición | 2a ed. |
| 260 ## - PIE DE IMPRENTA | |
| Lugar de publicación, distribución, etc | Buenos Aires: |
| Nombre de la editorial, distribuidor, etc | Planeta; |
| Fecha de publicación | 2015. |
| 300 ## - DESCRIPCION FISICA | |
| Extension | 544 p. |
| Dimensiones | 23x15 cm |
| 500 ## - NOTA GENERAL | |
| Nota general | Jean, B. (2015). Algo tan sencillo como tuitear te quiero. (2a ed.). Buenos Aires : Planeta. |
| 505 ## - NOTA DE CONTENIDO | |
| Nota de contenido formateada | El primer año en la universidad marca la vida muchas personas. Te enfrentas a nuevos retos, nuevas ilusiones y numerosos cambios que, por más que los tengas previstos, no dejan de sorprenderte. Todo esto se multiplica si, además, ese primer año transcurre en una residencia de estudiantes. Vives veinticuatro horas, los siete días de la semana, con lo que terminan convirtiéndose en tus mejores amigos. Abres los ojos de par en par y surge el amo, llegan las decepciones, descubres la pasión, te persiguen las tentaciones, conoces a fondo tus miedos... Todo un ritmo que da vértigo. Los chicos de la Residencia Benjamín Franklin afronta esa época repletos de sueños y también de dudas. Las cosas no siempre son lo que parecen ni terminan como uno desea. Pero tienes que alcanzar la moneda para saber si sale cara o ceca. |
| 655 ## - MATERIA - GENERO/FORMA | |
| Género/Forma | Literatura |
| -- | 2917 |
| 942 ## - ADDED ENTRY ELEMENTS (KOHA) | |
| Source of classification or shelving scheme | Dewey Decimal Classification |
| Item type | LITERATURA |
| Estado de retiro | Existencia | Fuente de clasificación | Estado general | No para prestamo | Ubicación permanente | ubicación actual | Sala de ubicación | Fecha de adquisición | Fuente de adquisición | Total Checkouts | Número de clasificación | Código de barras | Date last seen | Número de ejemplar | Price effective from | Koha tipo de elemento (item) | Public note | Coded location qualifier |
|---|---|---|---|---|---|---|---|---|---|---|---|---|---|---|---|---|---|---|
| Dewey Decimal Classification | Biblioteca Medicina | Biblioteca Medicina | Circulación | 26/05/2026 | Donación Mayo 2026 | 808 42 JEA | 5165 | 26/05/2026 | Ej. 1 | 26/05/2026 | LITERATURA | Donación Mayo 2026. Sede Tordos. |